Normal view
MARC view
Entry Topical Term
001 - CONTROL NUMBER
- control field: 20785
003 - CONTROL NUMBER IDENTIFIER
- control field: ARRUPE
005 - DATE AND TIME OF LATEST TRANSACTION
- control field: 20151029151726.0
008 - FIXED-LENGTH DATA ELEMENTS
- fixed length control field: 151029|| aca||aabn | a|a d
040 ## - CATALOGING SOURCE
- Original cataloging agency: ARRUPE
- Transcribing agency: ARRUPE
150 ## - HEADING--TOPICAL TERM
- Topical term or geographic name as entry element: Ethnomusicology
- Geographic subdivision: South Africa.
670 ## - SOURCE DATA FOUND
- Source citation: Work cat.: (ARRUPE)0: Blacking, John. 14897, Venda children's songs :, 1995.